00597cam a22002051 450000100060000000300080000600500170001400800390003103500190007003500190008904000280010804100080013608200270014410000420017124500650021326000410027830000270031950400270034665000180037312495BD-RjUL20211208235314.0140129s19551953nyua b 000 0 eng a(BD-RjUL)12544 a(OCoLC)2576493 aDLCcOdOCoLCdDLCbeng aeng a577.8a574.1bBES 19551 aBerrill, N. J.q(Norman John),d1903-10aSex and the nature of things /cwith drawings by the author. aNew York :bDodd, Mead,c[c1953]1955 a256 p.billus.c22 cm. aIncludes bibliography. 0aSex (Biology)